Normal view MARC view

Entry Personal Name

Number of records used in: 1

001 - CONTROL NUMBER

  • control field: 43963

003 - CONTROL NUMBER IDENTIFIER

  • control field: dpl

005 - DATE AND TIME OF LATEST TRANSACTION

  • control field: 20120320102100.0

008 - FIXED-LENGTH DATA ELEMENTS

  • fixed length control field: 120320|||a|||||| | ||| d

040 ## - CATALOGING SOURCE

  • Original cataloging agency: dpl
  • Transcribing agency: dpl

100 ## - HEADING--PERSONAL NAME

  • Personal name: नैमिशराय, मोहनदास

670 ## - SOURCE DATA FOUND

  • Source citation: Work cat.: (dpl): नैमिशराय, मोहनदास, बाबा साहेब और उनके संस्मरण /, 2007

670 ## - SOURCE DATA FOUND

  • Source citation: Work cat.: (dpl): नैमिशराय, मोहनदास, बाबा साहेब और उनके संस्मरण /, 2007

© Delhi Public Library
Hit Counter
free hit counter